000 00753cam a22002653a 4500
001 6352
003 PGUSA
005 20140828083131.0
008 040801s2004||||xxu|||||s|||||000 1 eng d
040 _aPGUSA
_beng
042 _adc
050 4 _aPS
100 1 _aHolmes, Mary Jane,
_d1825-1907
245 1 0 _aDora Deane; Or, The East India Uncle
_h[electronic resource] /
_cMary Jane Holmes
260 _bProject Gutenberg,
_c2004
506 _aPublic domain in the USA.
516 _aElectronic text
653 _aOrphans -- Fiction
653 _aUncles -- Fiction
653 _aConduct of life -- Fiction
653 _aDomestic fiction
830 0 _aProject Gutenberg
_v6352
856 4 0 _uhttp://www.gutenberg.org/ebooks/6352
942 _cEB
999 _c235675
_d235675